000 00279nam a2200121 i 4500
001 bg
245 0 _aVoprosy dozimetrii i zaščity ot izlučenij.V.8.
260 _aMoskva,
_c1968.
040 _cBPK
041 _apol
942 _cKS
008 s pl f |000 0 pol
999 _c12833
_d12833
856 _uhttp://koha.tu.koszalin.pl/cgi-bin/koha/opac-detail.pl?biblionumber=12833
_yKatalog online BPK